[Event "ROM-ch U12 Boys"]
[Site "Voineasa"]
[Date "2008.04.15"]
[Round "6"]
[White "Ciutacu, Andrei Eugen"]
[Black "Udrescu, Bogdan"]
[Result "1-0"]
[WhiteElo "401"]
[BlackElo "401"]
[PlyCount "77"]
[EventDate "2008.04.08"]
[EventType "swiss"]
[EventRounds "9"]
[EventCountry "ROU"]
[SourceTitle "EXT 2013"]
[Source "ChessBase"]
[SourceDate "2012.11.22"]
[SourceVersion "1"]
[SourceVersionDate "2012.11.22"]
[SourceQuality "1"]

1. e4 c5 2. Nf3 a6 3. Bc4 e6 4. 0-0 b5 5. Be2 Bb7 6. d3 d5 7. b3 dxe4 8. dxe4 Qxd1 9. Rxd1 Be7 10. Bb2 f6 11. e5 Bxf3 12. Bxf3 Ra7 13. exf6 Bxf6 14. Bxf6 Nxf6 15. a4 Rd7 16. Rxd7 Nbxd7 17. axb5 axb5 18. Ra8+ Kf7 19. Rxh8 Nf8 20. Rxf8+ Kxf8 21. Kf1 g5 22. h3 Kf7 23. g4 e5 24. Nd2 c4 25. Ke2 Ke6 26. Ne4 Nxe4 27. Bxe4 h6 28. f3 cxb3 29. cxb3 b4 30. Kd3 Kd6 31. Kc4 Kc7 32. Kxb4 Kd6 33. Ka4 Kc5 34. b4+ Kb6 35. b5 Ka7 36. Ka5 Kb8 37. Ka6 Kc8 38. Ka7 Kc7 39. b6+ 1-0

[Event "ROM-ch U12 Boys"]
[Site "Voineasa"]
[Date "2008.04.13"]
[Round "3"]
[White "Udrescu, Bogdan"]
[Black "Bologa, Dragos Mihai"]
[Result "1-0"]
[WhiteElo "401"]
[BlackElo "452"]
[PlyCount "125"]
[EventDate "2008.04.08"]
[EventType "swiss"]
[EventRounds "9"]
[EventCountry "ROU"]
[SourceTitle "EXT 2013"]
[Source "ChessBase"]
[SourceDate "2012.11.22"]
[SourceVersion "1"]
[SourceVersionDate "2012.11.22"]
[SourceQuality "1"]

1. e4 e5 2. Nf3 Nc6 3. Bc4 Nf6 4. Ng5 d5 5. exd5 Nxd5 6. Nxf7 Kxf7 7. Qf3+ Ke6 8. Qg4+ Kf7 9. Qh5+ g6 10. Qf3+ Ke8 11. Bxd5 Qd7 12. 0-0 Nb4 13. Bb3 Qf5 14. Qxf5 Bxf5 15. d3 Ke7 16. Re1 Bg7 17. Bd2 Nc6 18. Nc3 Rhe8 19. Nd5+ Kd6 20. Bb4+ Nxb4 21. Nxb4 c6 22. Rad1 a5 23. Nxc6 bxc6 24. c4 Kc7 25. Re3 Bh6 26. Rf3 Bg4 27. Rf7+ Kd6 28. c5+ Kxc5 29. f3 Be6 30. Bxe6 Rxe6 31. Rxh7 Be3+ 32. Kh1 Rg8 33. Re1 Bf2 34. Re2 Bd4 35. Rh4 Re7 36. f4 Rf7 37. g3 exf4 38. gxf4 g5 39. fxg5 Rxg5 40. h3 Rg1+ 41. Kh2 Rf2+ 42. Rxf2 Bxf2 43. Rg4 Rxg4 44. hxg4 Be3 45. Kg3 Bg5 46. Kf3 Kd4 47. Ke2 Ke5 48. Kd1 Kf4 49. Kc2 Kxg4 50. Kc3 Kf5 51. b4 axb4+ 52. Kxb4 Ke6 53. a4 Be7+ 54. Kc4 Kd6 55. a5 Bd8 56. a6 Bb6 57. d4 Kd7 58. d5 c5 59. Kb5 Kc7 60. d6+ Kxd6 61. Kxb6 c4 62. a7 c3 63. a8Q 1-0